000 00963nam a2200265Ia 4500
003 OSt
005 20220923221058.0
006 a|||||r|||| 00| 0
007 ta
008 220922b |||||||| |||| 00| 0 hin d
024 _a194,714
037 _cTextual
040 _aARTS
_cARTS
_bhin
041 _2hin
_ahin
082 _aO152,3(Q7):g, M4
100 _aझारी, विजयदेव
245 0 _aहिन्दी कहानी मे मुस्लिम जीवन और संस्कृति
246 _aHindī kahānī me muslim jīvan aur sanskṛuti
260 _aनर्इ्र दिल्ली
_b नालंदा प्रका0
_c1984
300 _a878]86पृ.
_ccm.
650 _a हिन्दी साहित्य
_9156264
650 _aहिन्दी कहानी
942 _hO152,3(Q7):g, M4
_cTEXL
_2CC
999 _c346978
_d346978